00342nam a2200145Ia 4500003000400000005001700004008004100021020001900062040002900081100001600110245002900126260002000155260000900175546001200184OSt20240621121111.0170619s9999 xx 000 0 und d a978-9332575264 cIIMT ENGINEERING COLLEGE aFrench Bell 0aOrganization development bNew Delhi P H I c1999 aENGLISH